Industrial Safety, Health and Environmental Management Systems. (Record no. 4135)

MARC details
000 -LEADER
fixed length control field 00372nam a22001337a 4500
008 - FIXED-LENGTH DATA ELEMENTS--GENERAL INFORMATION
fixed length control field 250704b |||||||| |||| 00| 0 eng d
020 ## - INTERNATIONAL STANDARD BOOK NUMBER
ISBN 8174092102
100 ## - MAIN ENTRY--AUTHOR
Author JAIN R K.
245 ## - TITLE STATEMENT
Title Industrial Safety, Health and Environmental Management Systems.
260 ## - PUBLICATION, DISTRIBUTION, ETC. (IMPRINT)
Place of publication Delhi India
Name of publisher Romesh Chander Khanna
Date of publication 2011
300 ## - COLLATION
Pagination iii, 1151p.
942 ## - ADDED ENTRY ELEMENTS (KOHA)
Item type Books
050 ## - LIBRARY OF CONGRESS CALL NUMBER
Classification number HD7262
Item number .J35
Holdings
Source of classification or shelving scheme Not for loan Permanent location Current location Date acquired Accession No. Full call number Barcode. Koha item type
Library of Congress Classification   Samuel Ogbemudia Main Library, University of Abuja Samuel Ogbemudia Main Library, University of Abuja 07/04/2025 2014/AC/441444 HD7262.J35 2025-2877 Books
Library of Congress Classification   Samuel Ogbemudia Main Library, University of Abuja Samuel Ogbemudia Main Library, University of Abuja 07/04/2025 2014/AC/441444 HD7262.J35 2025-2878 Books